Suicidés - mort subite - Statistiques

Statistiques générales
  • Ce quiz a été pris 61 fois
  • Le résultat moyen est 5 sur 10
Answers on the Grid
Answers color-coded by a green-red scale on the quiz's grid according to % correct below.
Alan Turing
Claude François
Cléopâtre
Dalida
Daniel Balavoine
Ernest Hemingway
Indira Gandhi
James Dean
Jean Jaurès
John F. Kennedy Jr
John Lennon
Kobe Bryant
Kurt Cobain
Léon Trotski
Marvin Gaye
Mike Brant
Otis Redding
Patrick Dewaere
Paul Walker
Pierre Bérégovoy
Robert Kennedy
Robin Williams
Sharon Tate
Stefan Zweig
 
Statistiques - réponses
Réponse % Correct
suicide par arme à feu en 1994 Kurt Cobain
71%
suicide par surdose de barbituriques en 1987 Dalida
63%
suicide en laissant un aspic (cobra égyptien) la mordre en 30 av JC Cléopâtre
61%
Suicide par pendaison en 2014 Robin Williams
57%
suicide en sautant du sixième étage d’un immeuble à Paris en 1975 Mike Brant
51%
suicide au cyanure en 1954 Alan Turing
45%
Suicide par arme à feu en 1993 Pierre Bérégovoy
41%
suicide par arme à feu en 1982 Patrick Dewaere
39%
suicide par arme à feu en 1961 Ernest Hemingway
31%
suicide avec sa femme par overdose de barbituriques en 1942 Stefan Zweig
31%
Aucun quiz correspondant
Distribution des résultats
% des personnes avec chaque résultat
Percentile par nombre de réponses
Votre historique - résultats
Vous n’avez pas pris ce quiz